Circuitos turísticos: programación y cotización
Guardat en:
| Autor principal: | |
|---|---|
| Format: | Llibre |
| Idioma: | espanyol |
| Publicat: |
Buenos Aires
Ediciones Turísticas
2005
|
| Edició: | 3a. ed |
| Col·lecció: | Colección Temas de Turismo
|
| Matèries: | |
| Etiquetes: |
Afegir etiqueta
Sense etiquetes, Sigues el primer a etiquetar aquest registre!
|
MARC
| LEADER | 00000nam a2200000 a 4500 | ||
|---|---|---|---|
| 001 | UCI5153 | ||
| 003 | CL-VaPUC | ||
| 008 | 080314e20050000AG |||||||||||||||||spa|d | ||
| 020 | |a 9879473515 | ||
| 082 | 0 | 4 | |a 338.4791 |b CHA |2 21 |
| 100 | 0 | |a Chan, Nélida |e author |9 527262 | |
| 245 | 1 | 0 | |a Circuitos turísticos: programación y cotización |
| 250 | |a 3a. ed | ||
| 300 | |a 159 p | ||
| 942 | |c BK | ||
| 945 | |d 20080314 00:00:00 |a jtorresc | ||
| 260 | |a Buenos Aires |b Ediciones Turísticas |c 2005 | ||
| 650 | 0 | |a Turismo |9 308920 | |
| 650 | 7 | |a SERVICIOS TURISTICOS |2 CL-VaPUC |9 527263 | |
| 650 | 7 | |a GUIAS TURISTICAS |2 CL-VaPUC |9 346990 | |
| 650 | 0 | |a Descripciones y viajes |9 262159 | |
| 583 | |a last modification |c 20080314 00:00:00 |k Rodrigo Vera | ||
| 490 | 0 | |a Colección Temas de Turismo | |
| 999 | |c 328916 |d 328914 | ||